Место и роль ценностей в жизни человека; Исследования молодых - регионам; Т. 1

Bibliografiske detaljer
Parent link:Исследования молодых - регионам: сборник трудов I Всероссийской научно-практической конференции, 29-31 марта 2011 г., г. Томск/ Национальный исследовательский Томский политехнический университет (ТПУ), Новокузнецкий филиал (НФ); под ред. С. И. Каковихиной.— , 2011
Т. 1.— 2011.— C. 98-102
Hovedforfatter: Пашенцев С. В.
Andre forfattere: Меняйлова Т. А. (научный руководитель)
Sprog:russisk
Udgivet: 2011
Serier:Актуальные проблемы общества (социальный аспект)
Fag:
Format: Book Chapter
KOHA link:https://koha.lib.tpu.ru/cgi-bin/koha/opac-detail.pl?biblionumber=247983

MARC

LEADER 00000naa2a2200000 4500
001 247983
005 20231031212247.0
035 |a (RuTPU)RU\TPU\book\269621 
035 |a RU\TPU\book\269619 
090 |a 247983 
100 |a 20140116d2011 k y0rusy50 ca 
101 0 |a rus 
102 |a RU 
200 1 |a Место и роль ценностей в жизни человека  |f С. В. Пашенцев  |g науч. рук. Т. А. Меняйлова 
225 1 |a Актуальные проблемы общества (социальный аспект) 
320 |a Библиогр.: с. 102 (2 назв.) 
461 1 |0 (RuTPU)RU\TPU\book\251726  |t Исследования молодых - регионам  |o сборник трудов I Всероссийской научно-практической конференции, 29-31 марта 2011 г., г. Томск  |f Национальный исследовательский Томский политехнический университет (ТПУ), Новокузнецкий филиал (НФ); под ред. С. И. Каковихиной  |d 2011 
463 0 |0 (RuTPU)RU\TPU\book\250366  |y 978-5-98298-906-2  |t Т. 1  |v C. 98-102  |d 2011  |p 340 с. 
610 1 |a ценности 
610 1 |a человек 
610 1 |a ценностные ориентации 
610 1 |a общество 
610 1 |a личность 
610 1 |a студенты-первокурсники 
610 1 |a самоопределение 
610 1 |a личностное развитие 
700 1 |a Пашенцев  |b С. В. 
702 1 |a Меняйлова  |b Т. А.  |4 727 
801 1 |a RU  |b 63413507  |c 20131111 
801 2 |a RU  |b 63413507  |c 20140116  |g RCR 
942 |c BK